Govt. of
Madhya Pradesh

रीटैन योर ब्रैन (Record no. 67492)

MARC details
000 -LEADER
fixed length control field 00457nam a22001577a 4500
003 - CONTROL NUMBER IDENTIFIER
control field Macl
005 - DATE AND TIME OF LATEST TRANSACTION
control field 20241023112729.0
008 - FIXED-LENGTH DATA ELEMENTS--GENERAL INFORMATION
fixed length control field 241023b |||||||| |||| 00| 0 eng d
040 ## - CATALOGING SOURCE
Transcribing agency Macl
082 ## - DEWEY DECIMAL CLASSIFICATION NUMBER
Classification number 610
100 ## - MAIN ENTRY--PERSONAL NAME
Personal name गिलीहन सेठ
9 (RLIN) 82775
245 ## - TITLE STATEMENT
Title रीटैन योर ब्रैन
260 ## - PUBLICATION, DISTRIBUTION, ETC. (IMPRINT)
Place of publication, distribution, etc. पुणे
Name of publisher, distributor, etc. मायमिरर
Date of publication, distribution, etc. 2023
651 ## - SUBJECT ADDED ENTRY--GEOGRAPHIC NAME
Geographic name सी बी टी थेरे पी
9 (RLIN) 82776
942 ## - ADDED ENTRY ELEMENTS (KOHA)
Source of classification or shelving scheme
Koha item type Books
Holdings
Withdrawn status Lost status Source of classification or shelving scheme Damaged status Not for loan Home library Current library Date acquired Cost, normal purchase price Total Checkouts Full call number Barcode Date last seen Price effective from Koha item type
          MACL MACL 23/10/2024 260.00   610 DPI002858 23/10/2024 23/10/2024 Books